000 00722nam a2200289Ia 4500
005 20260324141721.0
008 008 260324s9999 xx 000 0 eng d
020 _a9781315044293
037 _aEBOOK
040 _aCRL
040 _beng
040 _cCRL
041 _2eng
041 _aeng
084 _qCRL
100 _aCarlton Munson; Martha Baum; Pamela Twiss
_91209241
245 0 _aSocial Work Intervention in an Economic Crisis
245 4 _bThe River Communities Project
260 _bTaylor and Francis
260 _c1996
365 _a
365 _b195
856 _uhttp://www.taylorfrancis.com/books/9781315044293
942 _cEBOOK
999 _c1812625
_d1812625